000 00991pam a2200289 a 4500
999 _c9197
_d9197
001 9197
003 BD-JhCC
005 20180319192601.0
008 860512s1987 cou b 001 0 eng
020 _a0813302242 (alk. paper) :
_c$24.00
035 _a(BD-JhCC)9197
040 _aDLC
_cDLC
_dDLC
_dBD-JhCC
041 _aeng
050 0 0 _aE183.8.C5
_bC475 1987
082 0 0 _a327.51073
_219
_bCHI 1987
245 0 4 _aThe China Hands' legacy :
_bethics and diplomacy /
_cedited by Paul Gordon Lauren.
260 _aBoulder :
_bWestview Press,
_c1987.
300 _axi, 196 p. ;
_c24 cm.
504 _aIncludes bibliographies and index.
650 0 _aDiplomacy
_xMoral and ethical aspects.
651 0 _aUnited States
_xForeign relations
_zChina.
651 0 _aChina
_xForeign relations
_zUnited States.
700 1 _aLauren, Paul Gordon.
856 4 2 _3Contributor biographical information
_uhttp://www.loc.gov/catdir/enhancements/fy0831/86011193-b.html
942 _2ddc
_cBK